000 00983nam a22003137a 4500
001 7638
003 FISKH
005 20250828112535.0
008 250729b cb ||||| |||| 00| 0 eng d
020 _a043922743
040 _aFISKH
_beng
_cFISKH
_dFISKH
050 _aQL756 .H49
082 _a591.56
100 _aHewitt, Sally
245 _aAnimal homes /
_cWritten by Sally Hewitt
250 _aFirst Scholastic printing, September 2000
260 _aNew York :
_bScholastic ,
_c2000.
300 _a30 pages :
_bcolor illustrations ;
_c27 cm .
490 _aLadders
505 _aK
520 _a"Find out about all kinds of animal homes, from underground tunnels to treehouses, shells, and more."
521 8 _a510
_bLexile estimate
521 8 _aK
_bRaz-Plus
650 _aAnimal and Plant Adaptations
_vNon-fiction
650 _aMole burrow
_vNon-fiction
700 _aDogi, Fiametta
_eMain Illustrator
942 _2ddc
_cBK
_n0
999 _c7638
_d7638